| 000 | 01231cam a2200361 a 4500 | ||
|---|---|---|---|
| 001 | 4049829 | ||
| 003 | OSt | ||
| 005 | 20260129084103.0 | ||
| 008 | 990624s2000 nyua b 001 0 eng | ||
| 010 | _a 99037760 | ||
| 020 | _a032102060X | ||
| 035 | _a4049829 | ||
| 040 |
_aDLC _cDLC _dDLC |
||
| 050 | 0 | 0 |
_aLB1573 _b.V32 2000 |
| 082 | 0 | 0 |
_a372.4 _221 |
| 100 | 1 | _aVacca, Jo Anne L. | |
| 245 | 1 | 0 |
_aReading and learning to read / _cJo Anne L. Vacca, Richard T. Vacca, Mary K. Gove. |
| 250 | _a4th ed. | ||
| 260 |
_aNew York : _bLongman, _cc2000. |
||
| 300 |
_axviii, 642, [44] p. : _bill. ; _c24 cm. |
||
| 336 |
_atext _btxt _2rdacontent |
||
| 337 |
_aunmediated _bn _2rdamedia |
||
| 338 |
_avolume _bnc _2rdacarrier |
||
| 504 | _aIncludes bibliographical references and indexes. | ||
| 650 | 0 | _aReading (Elementary) | |
| 650 | 0 | _aLanguage arts (Elementary) | |
| 700 | 1 | _aVacca, Richard T. | |
| 700 | 1 | _aGove, Mary K. | |
| 906 |
_a7 _bcbc _corignew _d1 _eocip _f19 _gy-gencatlg |
||
| 942 |
_2lcc _cBK |
||
| 999 |
_c265789 _d265788 |
||